| 000 | 00410nam a2200145 4500 | ||
|---|---|---|---|
| 999 |
_c1238 _d1238 |
||
| 008 | 200115b ||||| |||| 00| 0 eng d | ||
| 082 | 0 | 0 |
_a620.23 _bW2952 |
| 100 |
_9824 _aWarring, R. H. |
||
| 245 | 1 | 0 |
_aHandbook of noise and vibration control _cby R. H. Warring |
| 250 | _a2nd ed. | ||
| 260 |
_aMorden _bTrade and technical Press _c[n.d.] |
||
| 300 | _axii, 609 p. | ||
| 650 | 0 | _aNoise Control | |
| 942 |
_2ddc _cBK |
||